[Event "Macieja Memorial"]
[Site "Warsaw POL"]
[Date "2024.07.08"]
[Round "8.38"]
[White "Sacharewicz, Krzysztof"]
[Black "Krzywda, Andrzej"]
[Result "0-1"]
[WhiteElo "1876"]
[BlackElo "2123"]
[EventDate "2024.07.08"]
[PlyCount "102"]

1.d4 d5 2.c4 e6 3.Nc3 Nf6 4.Nf3 a6 5.e3 Nbd7 6.Be2 dxc4 7.Bxc4 b5 8.Be2 Bb7 
9.O-O c5 10.Bd2 Qb6 11.Be1 Rc8 12.a3 Be7 13.dxc5 Nxc5 14.Nd4 O-O 15.Bf3 Rfd8 
16.Bxb7 Qxb7 17.Qe2 Bd6 18.f3 Qb8 19.g3 g6 20.Bf2 e5 21.Nc2 e4 22.Rad1 Bc7 
23.Nb4 Qb7 24.f4 a5 25.Nc2 Nd3 26.Nd4 b4 27.Nxe4 Nxe4 28.Qxd3 Bb6 29.axb4 axb4 
30.Qb3 Bxd4 31.exd4 Rd5 32.Be3 h5 33.Rc1 Re8 34.Rfe1 h4 35.Bf2 Rdd8 36.Qf3 f5 
37.Qb3+ Kg7 38.Rcd1 Rd5 39.Qc4 Red8 40.b3 h3 41.Qf1 Nc3 42.Rc1 R5d7 43.Qxh3 Re7 
44.Qg2 Ne2+ 45.Rxe2 Qxg2+ 46.Kxg2 Rxe2 47.Rc7+ Kf6 48.Kf3 Rb2 49.Rc6+ Kf7 
50.Rc7+ Kg8 51.Rc6 Rxb3+ 0-1

[Event "Macieja Memorial"]
[Site "Warsaw POL"]
[Date "2024.07.08"]
[Round "8.39"]
[White "Koseski, Damian"]
[Black "Skurniak, Szymon"]
[Result "0-1"]
[WhiteElo "1846"]
[BlackElo "2107"]
[EventDate "2024.07.08"]
[PlyCount "58"]

1.d4 Nf6 2.c4 g6 3.Nc3 d5 4.cxd5 Nxd5 5.e4 Nxc3 6.bxc3 Bg7 7.Nf3 c5 8.Be3 Nc6 
9.Be2 cxd4 10.cxd4 Qa5+ 11.Qd2 Qxd2+ 12.Kxd2 Bg4 13.Bb5 Bxf3 14.gxf3 Rd8 
15.Rac1 Bxd4 16.Bxc6+ bxc6 17.Rxc6 O-O 18.Bxd4 Rxd4+ 19.Ke3 Rfd8 20.Rhc1 Kg7 
21.f4 Rd2 22.R1c3 Rxa2 23.Rc7 e6 24.Rb7 Rdd2 25.Rcc7 Re2+ 26.Kd4 Red2+ 27.Ke3 
Re2+ 28.Kd4 Rad2+ 29.Ke5 Rd5# 0-1

[Event "Macieja Memorial"]
[Site "Warsaw POL"]
[Date "2024.07.08"]
[Round "8.40"]
[White "Szczotka, Klara"]
[Black "Zabawski, Grzegorz"]
[Result "1-0"]
[WhiteElo "2093"]
[BlackElo "1870"]
[EventDate "2024.07.08"]
[PlyCount "84"]

1.d4 Nf6 2.c4 e6 3.Nc3 Bb4 4.Qc2 d5 5.cxd5 Nxd5 6.Nf3 Nc6 7.a3 Bxc3+ 8.bxc3 O-O 
9.e4 Nb6 10.Bd3 h6 11.Be3 Re8 12.O-O Qe7 13.Nd2 e5 14.d5 Nd8 15.Nb3 c6 16.c4 
cxd5 17.cxd5 Bd7 18.Bxb6 axb6 19.Nd2 Rc8 20.Qb3 Qg5 21.Nf3 Qf4 22.Qxb6 Bg4 
23.Qe3 Qf6 24.Nd2 Qd6 25.Nc4 Qg6 26.a4 f6 27.Nd6 Nf7 28.Nxe8 Rxe8 29.Rfc1 Ng5 
30.Kh1 Qh5 31.Qg3 f5 32.exf5 e4 33.Bc4 e3 34.d6+ Kh8 35.fxe3 Ne4 36.Qf4 Bxf5 
37.Rf1 g5 38.Be2 Qxe2 39.Qxf5 Qxe3 40.Rae1 Qd4 41.d7 Nf2+ 42.Qxf2 Qxf2 1-0

[Event "Macieja Memorial"]
[Site "Warsaw POL"]
[Date "2024.07.08"]
[Round "8.41"]
[White "Zebracki, Tomasz"]
[Black "Kowalski, Witold"]
[Result "1/2-1/2"]
[WhiteElo "2048"]
[BlackElo "1867"]
[EventDate "2024.07.08"]
[PlyCount "180"]

1.e4 c5 2.d4 cxd4 3.c3 dxc3 4.Nxc3 Nc6 5.Nf3 d6 6.Bc4 e6 7.O-O Be7 8.Qe2 Nf6 
9.Rd1 Qc7 10.Nb5 Qb8 11.Bf4 e5 12.Be3 O-O 13.Nc3 Bg4 14.Rac1 a6 15.a4 Qd8 
16.Rd2 Rc8 17.Bb3 Qa5 18.Nd5 Nxd5 19.Rxd5 Qc7 20.Rd2 Qd7 21.Rcd1 Rfd8 22.h3 Be6 
23.Bd5 b5 24.axb5 axb5 25.Qxb5 Bxd5 26.Rxd5 Rb8 27.Qe2 Qb7 28.R5d2 Qb3 29.Ne1 
Na5 30.Qd3 Nc4 31.Qxb3 Rxb3 32.Rc2 Nxe3 33.fxe3 Rxe3 34.Rc7 Kf8 35.Rc4 Rb3 
36.Rd2 Rdb8 37.Nd3 g6 38.Rc7 Bg5 39.Rd1 Kg7 40.Rd7 R8b6 41.g3 Be3+ 42.Kg2 Bg5 
43.h4 Bf6 44.Kh3 h5 45.Rc7 Rb7 46.Rc6 R3b6 47.Rc8 Rb3 48.Rc6 R7b6 49.Rc7 Ra6 
50.Rc2 Ra4 51.Re2 Rd4 52.Nf2 Rxd1 53.Nxd1 Bd8 54.Nc3 Ba5 55.Nd5 Bb6 56.Rc2 Bd4 
57.Rc6 Bc5 58.Rc7 Rxb2 59.Ne7 Re2 60.Nc6 Rxe4 61.Nd8 Re1 62.Rxf7+ Kh6 63.Rd7 g5 
64.Nf7+ Kg6 65.Nxg5 Rg1 66.Nf3 Rf1 67.Ng5 Rd1 68.Re7 Rd3 69.Kg2 Rd2+ 70.Kf3 
Rd3+ 71.Kg2 Rb3 72.Ne4 Rb2+ 73.Kh3 Ba3 74.Nxd6 Bxd6 75.Re6+ Kf5 76.Rxd6 e4 
77.Rd5+ Ke6 78.Rxh5 e3 79.Rh8 e2 80.Re8+ Kf5 81.Re7 Rc2 82.Re8 Rb2 83.Re7 Rc2 
84.Re8 Rb2 85.Re7 Rc2 86.Re8 Rb2 87.Re7 Rc2 88.Re8 Rb2 89.Re7 Rc2 90.Re8 Rb2 1/2-1/2

[Event "Macieja Memorial"]
[Site "Warsaw POL"]
[Date "2024.07.08"]
[Round "8.42"]
[White "Zareba, Piotr"]
[Black "Zbrzezny, Aleksander"]
[Result "1-0"]
[WhiteElo "1828"]
[BlackElo "2016"]
[EventDate "2024.07.08"]
[PlyCount "63"]

1.g3 c6 2.c3 d5 3.Bg2 Nf6 4.d4 e6 5.Nf3 Bd6 6.O-O Qc7 7.Bg5 Nbd7 8.Nbd2 h6 
9.Bxf6 Nxf6 10.Re1 Bd7 11.e4 dxe4 12.Nxe4 Nxe4 13.Rxe4 O-O-O 14.b4 h5 15.a4 f5 
16.Re2 h4 17.Ne5 hxg3 18.hxg3 Bxe5 19.Rxe5 Rh6 20.b5 Rdh8 21.Rb1 Kb8 22.Rc5 Ka8 
23.a5 f4 24.b6 Qd6 25.bxa7 fxg3 26.Re5 gxf2+ 27.Kxf2 Rh2 28.a6 b5 29.c4 Rxg2+ 
30.Kxg2 c5 31.cxb5 cxd4 32.Qf3+ 1-0

[Event "Macieja Memorial"]
[Site "Warsaw POL"]
[Date "2024.07.08"]
[Round "8.43"]
[White "Obrycki, Tomasz"]
[Black "Sanz Losada, Victoriano"]
[Result "1-0"]
[WhiteElo "1795"]
[BlackElo "1999"]
[EventDate "2024.07.08"]
[PlyCount "95"]

1.e4 e5 2.Nf3 Nc6 3.Bb5 Nge7 4.O-O g6 5.c3 Bg7 6.Re1 O-O 7.h3 d5 8.exd5 Qxd5 
9.Ba4 Bf5 10.d4 Rad8 11.Bb3 Qd7 12.dxe5 Qxd1 13.Rxd1 Rxd1+ 14.Bxd1 Nxe5 15.Nxe5 
Bxe5 16.Bf3 c6 17.Be3 a6 18.Bc5 Re8 19.Nd2 Bg7 20.Re1 Bf8 21.Nb3 Bd7 22.Na5 b5 
23.Nb3 Nc8 24.Rxe8 Bxe8 25.Bxf8 Kxf8 26.Nc5 a5 27.Kf1 Ke7 28.Ke2 Nd6 29.Kd3 f5 
30.b3 Nc8 31.Ke3 Nb6 32.Nd3 Kd6 33.Nb2 Bf7 34.Nd3 Bd5 35.Bxd5 Nxd5+ 36.Kd2 c5 
37.c4 bxc4 38.bxc4 Nb6 39.Nb2 Ke5 40.Kd3 g5 41.g3 h5 42.f3 h4 43.gxh4 gxh4 
44.Ke3 f4+ 45.Kd3 Nd7 46.Nd1 Nf6 47.Nf2 Nh7 48.Ne4 1-0

[Event "Macieja Memorial"]
[Site "Warsaw POL"]
[Date "2024.07.08"]
[Round "8.44"]
[White "Zurkowski, Andrzej"]
[Black "Szlod, Wiktor"]
[Result "1-0"]
[WhiteElo "1993"]
[BlackElo "1783"]
[EventDate "2024.07.08"]
[PlyCount "49"]

1.d4 Nf6 2.c4 c5 3.d5 e6 4.Nc3 exd5 5.cxd5 d6 6.e4 g6 7.f4 Bg7 8.Nf3 O-O 9.Be2 
b5 10.e5 dxe5 11.fxe5 Ng4 12.e6 fxe6 13.d6 a6 14.Bg5 Qb6 15.h3 Ne5 16.Be7 Rf5 
17.O-O Bb7 18.Nxe5 Bxe5 19.Bg4 Bd4+ 20.Kh1 Qc6 21.Qe2 Re5 22.Bxe6+ Kg7 23.Rf7+ 
Kh6 24.Bf8+ Kg5 25.Qg4# 1-0

[Event "Macieja Memorial"]
[Site "Warsaw POL"]
[Date "2024.07.08"]
[Round "8.45"]
[White "Adamski, Jan"]
[Black "Zajkowska, Olga"]
[Result "1-0"]
[WhiteElo "1989"]
[BlackElo "1797"]
[EventDate "2024.07.08"]
[PlyCount "50"]

1.Nf3 Nf6 2.c4 g6 3.Nc3 Bg7 4.e4 d6 5.d4 O-O 6.Be2 c6 7.O-O Nbd7 8.Qc2 e5 9.Be3 
Qe7 10.Rad1 Re8 11.dxe5 Nxe5 12.Nd4 Neg4 13.Bg5 h6 14.Bh4 g5 15.Bg3 Nh5 16.Bxg4 
Bxg4 17.f3 Nxg3 18.hxg3 Bd7 19.Qd2 c5 20.Nde2 Be5 21.f4 Bxc3 22.Nxc3 Bg4 
23.Rde1 Rad8 24.Nd5 Qe6 25.fxg5 hxg5 1-0

[Event "Macieja Memorial"]
[Site "Warsaw POL"]
[Date "2024.07.08"]
[Round "8.46"]
[White "Sprzeczka, Emilia"]
[Black "Goslawski, Michal"]
[Result "0-1"]
[WhiteElo "1782"]
[BlackElo "1987"]
[EventDate "2024.07.08"]
[PlyCount "184"]

1.e4 c6 2.d4 d5 3.e5 c5 4.c3 Nc6 5.Be2 Bf5 6.Nf3 cxd4 7.Nxd4 Bd7 8.Nxc6 Bxc6 
9.O-O e6 10.Be3 Ne7 11.Bd3 Qd7 12.Nd2 Bb5 13.Nb3 b6 14.Nd4 Bxd3 15.Qxd3 Ng6 
16.f4 Bc5 17.Kh1 Bxd4 18.Bxd4 Ne7 19.g4 h5 20.g5 g6 21.Bf2 O-O 22.Rad1 Rac8 
23.Qf3 Nf5 24.b3 Qc6 25.Rd3 Rfd8 26.Rfd1 a6 27.c4 Ne7 28.Qg2 b5 29.cxb5 axb5 
30.Be3 Qc2 31.R3d2 Qc3 32.Bd4 Qa5 33.Rc2 Nc6 34.Bc5 Nb4 35.Bxb4 Qxb4 36.Rdc1 
Rxc2 37.Qxc2 Qxf4 38.Re1 b4 39.Qd3 Rc8 40.Qe2 Qxg5 41.Qf2 Qg4 42.Rf1 Qe4+ 
43.Kg1 Rf8 44.Qg3 Qd4+ 45.Kh1 h4 46.Qg5 Qe4+ 47.Kg1 Qd4+ 48.Kh1 Rc8 49.Qf6 Qe4+ 
50.Kg1 Qe3+ 51.Kh1 Qe4+ 52.Kg1 Rf8 53.Rf4 Qe3+ 54.Rf2 h3 55.Qf4 Qxf4 56.Rxf4 
Ra8 57.Rxb4 Rxa2 58.Rh4 Rg2+ 59.Kh1 Rb2 60.Rxh3 Re2 61.b4 Rxe5 62.Rb3 Re1+ 
63.Kg2 Ra1 64.b5 Ra7 65.b6 Rb7 66.Kf3 Kf8 67.Kf4 f6 68.Ke3 Ke7 69.Kd4 Kd6 
70.Rg3 g5 71.Rb3 e5+ 72.Kd3 Kc6 73.Rc3+ Kxb6 74.Rc8 Rc7 75.Rf8 Rc6 76.Rd8 Kc5 
77.Rd7 Rd6 78.Rc7+ Kb6 79.Rc8 Re6 80.Rd8 Kc6 81.Rc8+ Kd6 82.Ke3 Re7 83.Rd8+ Rd7 
84.Rf8 Ke6 85.Rc8 Ra7 86.Rc6+ Kf5 87.Rd6 Ra3+ 88.Ke2 d4 89.Rd8 Ke4 90.Rb8 Ra2+ 
91.Kd1 Ke3 92.Kc1 Rxh2 0-1

[Event "Macieja Memorial"]
[Site "Warsaw POL"]
[Date "2024.07.08"]
[Round "8.47"]
[White "Kazmierowski, Tymon"]
[Black "Stachniak, Stanislaw"]
[Result "1-0"]
[WhiteElo "1982"]
[BlackElo "1733"]
[EventDate "2024.07.08"]
[PlyCount "95"]

1.e4 e6 2.d4 d5 3.Nd2 dxe4 4.Nxe4 Nd7 5.Nf3 Ngf6 6.Bd3 Be7 7.O-O O-O 8.c3 c5 
9.Qc2 b6 10.Rd1 Qc7 11.Nxf6+ Nxf6 12.Bg5 h6 13.Bh4 Bb7 14.Bg3 Qc8 15.Qe2 Rd8 
16.dxc5 Bxc5 17.Ne5 Bd6 18.Bc2 Bxe5 19.Bxe5 Qc6 20.f3 Nd7 21.Bd4 Nc5 22.Qe5 f6 
23.Qg3 e5 24.Be3 Ne6 25.Bxh6 Qc5+ 26.Kh1 e4 27.Bb3 Bd5 28.fxe4 Bxb3 29.axb3 Qh5 
30.Bd2 Ng5 31.Qe3 Qg4 32.h3 Qxe4 33.Qxe4 Nxe4 34.Be3 Kf7 35.Kh2 f5 36.Rd4 Rxd4 
37.Bxd4 g6 38.Bxb6 Ke6 39.Rxa7 Rb8 40.Ra6 Kd5 41.b4 Nd6 42.Bc7 Re8 43.Rxd6+ Ke5 
44.Rd8+ Kf6 45.Rxe8 Kg5 46.Bd8+ Kf4 47.b5 g5 48.Bc7# 1-0

[Event "Macieja Memorial"]
[Site "Warsaw POL"]
[Date "2024.07.08"]
[Round "8.48"]
[White "Ishvi, Aggarwal"]
[Black "Smietanska, Wiktoria"]
[Result "0-1"]
[WhiteElo "1775"]
[BlackElo "1975"]
[EventDate "2024.07.08"]
[PlyCount "60"]

1.d4 d5 2.c4 c6 3.Nf3 Nf6 4.g3 e6 5.Bg2 dxc4 6.O-O Nbd7 7.a4 Qa5 8.Nfd2 Nb6 
9.Qc2 Be7 10.Nxc4 Nxc4 11.Qxc4 O-O 12.Bd2 Qh5 13.a5 Rd8 14.a6 Nd5 15.e3 Nb6 
16.Qc2 Qb5 17.Rc1 Rb8 18.axb7 Bxb7 19.Rxa7 Nd5 20.Nc3 Qb6 21.Rca1 Nb4 22.Qb3 c5 
23.Bxb7 Rxb7 24.Ra8 Rbb8 25.Rxb8 Qxb8 26.Na4 cxd4 27.exd4 Rxd4 28.Bc3 Rd8 
29.Rc1 Nd5 30.Qxb8 Rxb8 0-1

[Event "Macieja Memorial"]
[Site "Warsaw POL"]
[Date "2024.07.08"]
[Round "8.49"]
[White "Lewczuk, Jakub"]
[Black "Zaninotto, Franco"]
[Result "1-0"]
[WhiteElo "1674"]
[BlackElo "1961"]
[EventDate "2024.07.08"]
[PlyCount "49"]

1.d4 e6 2.Nc3 d5 3.Bf4 Bd6 4.e3 Bxf4 5.exf4 Nf6 6.Nf3 O-O 7.Bd3 b6 8.O-O c5 
9.b3 Nc6 10.Bb5 Bd7 11.Bxc6 Bxc6 12.Ne5 Qc7 13.g4 Rac8 14.g5 Ne4 15.Nxe4 dxe4 
16.dxc5 bxc5 17.Re1 Rfd8 18.Qh5 Rd2 19.Re3 Be8 20.Rh3 h6 21.gxh6 g6 22.Qg5 Qd8 
23.h7+ Kh8 24.Nxf7+ Bxf7 25.Qe5+ 1-0

[Event "Macieja Memorial"]
[Site "Warsaw POL"]
[Date "2024.07.08"]
[Round "8.50"]
[White "Staroszczyk, Mateusz"]
[Black "Haladaj, Adam"]
[Result "0-1"]
[WhiteElo "1933"]
[BlackElo "1773"]
[EventDate "2024.07.08"]
[PlyCount "49"]

1.d4 Nf6 2.Bf4 d5 3.e3 c5 4.c3 Nc6 5.Nd2 Bf5 6.Ngf3 e6 7.Bb5 Qc8 8.Ne5 a6 
9.Bxc6+ bxc6 10.Qa4 c4 11.Qxc6+ Qxc6 12.Nxc6 Nd7 13.Ne5 Nxe5 14.Bxe5 a5 15.b3 
Bd3 16.f3 Ba3 17.Kf2 Bb2 18.Rad1 Bxc3 19.bxc4 dxc4 20.Nxc4 Bxc4 21.Rc1 Bxd4 
22.Bxd4 Bxa2 23.Bxg7 Rg8 24.Bd4 Kd7 25.Bf6 0-1

[Event "Macieja Memorial"]
[Site "Warsaw POL"]
[Date "2024.07.08"]
[Round "8.52"]
[White "Wieckowski, Michal"]
[Black "Koralczyk, Aleksander"]
[Result "1-0"]
[WhiteElo "1904"]
[BlackElo "1718"]
[EventDate "2024.07.08"]
[PlyCount "67"]

1.Nf3 Nf6 2.g3 g6 3.Bg2 Bg7 4.O-O O-O 5.c4 d6 6.d4 Bg4 7.Nc3 Nc6 8.a3 Rb8 9.b4 
Bxf3 10.Bxf3 e5 11.d5 Nd4 12.Bg2 Nd7 13.e3 Nf5 14.Bb2 Ne7 15.Rc1 f5 16.Qc2 e4 
17.Nb5 Bxb2 18.Qxb2 Ne5 19.Nd4 Qd7 20.Ne6 Rf7 21.Qd4 c6 22.Rfd1 cxd5 23.cxd5 
Ra8 24.Rc7 Qe8 25.Rxb7 a5 26.b5 Nd3 27.a4 Qc8 28.Rc7 Qe8 29.Rxd3 exd3 30.Qxd3 
Rc8 31.Qc4 Rxc7 32.Qxc7 Nxd5 33.Bxd5 Rxc7 34.Nxc7+ 1-0

[Event "Macieja Memorial"]
[Site "Warsaw POL"]
[Date "2024.07.08"]
[Round "8.53"]
[White "Zawadzka, Beata"]
[Black "Businski, Jan"]
[Result "1-0"]
[WhiteElo "2329"]
[BlackElo "1597"]
[EventDate "2024.07.08"]
[PlyCount "75"]

1.d4 Nf6 2.c4 e6 3.Nf3 b6 4.g3 Bb7 5.Bg2 Be7 6.O-O O-O 7.Nc3 d5 8.cxd5 Nxd5 
9.Qd3 Nb4 10.Qd2 Bf6 11.a3 Nd5 12.Re1 Nxc3 13.bxc3 Qe7 14.e4 g6 15.a4 Nd7 
16.Ba3 c5 17.d5 exd5 18.exd5 Qd6 19.Rad1 Rfe8 20.c4 Ba6 21.Qc2 Ne5 22.Nxe5 Rxe5 
23.Bf1 Rae8 24.Rxe5 Rxe5 25.Bc1 Re8 26.Bf4 Be5 27.Bh6 Bg7 28.Be3 Be5 29.Qd2 Bg7 
30.Rb1 Re4 31.Qc2 f5 32.Bd3 Re8 33.a5 Rb8 34.axb6 Rxb6 35.Rxb6 axb6 36.Qa4 Bb7 
37.Qa7 Qd7 38.Qxb6 1-0

[Event "Macieja Memorial"]
[Site "Warsaw POL"]
[Date "2024.07.08"]
[Round "8.54"]
[White "Stefaniuk, Zbigniew"]
[Black "Smal, Tobiasz"]
[Result "1-0"]
[WhiteElo "1803"]
[BlackElo "2104"]
[EventDate "2024.07.08"]
[PlyCount "53"]

1.e4 g6 2.d4 Bg7 3.Nc3 d6 4.Be3 Nf6 5.f3 O-O 6.Qd2 Nc6 7.h4 e5 8.Nge2 exd4 
9.Nxd4 Nxd4 10.Bxd4 h5 11.O-O-O Be6 12.Kb1 a6 13.Nd5 Bxd5 14.exd5 Re8 15.Bd3 
Nd7 16.Bxg7 Kxg7 17.g4 Rh8 18.Qc3+ Kg8 19.Rdg1 Ne5 20.gxh5 Rxh5 21.f4 Nf3 
22.Bxg6 Nxg1 23.Bxh5 Ne2 24.Bxe2 f6 25.Rg1+ Kf7 26.Bh5+ Kf8 27.Qg3 1-0

[Event "Macieja Memorial"]
[Site "Warsaw POL"]
[Date "2024.07.08"]
[Round "8.55"]
[White "Chmiel, Marcin"]
[Black "Paluszek, Jan"]
[Result "1-0"]
[WhiteElo "2038"]
[BlackElo "1807"]
[EventDate "2024.07.08"]
[PlyCount "115"]

1.c4 e5 2.g3 Nf6 3.Bg2 h6 4.Nf3 e4 5.Nd4 Nc6 6.Nc2 d5 7.cxd5 Qxd5 8.Nc3 Qe6 
9.Ne3 Bd6 10.Qc2 Nb4 11.Qb1 O-O 12.a3 Nc6 13.Nxe4 Nxe4 14.Qxe4 Qf6 15.Nd5 Qd8 
16.d4 Re8 17.Qd3 Bg4 18.e3 Qg5 19.O-O Qh5 20.f3 Qxd5 21.fxg4 Qg5 22.Qf5 Qe7 
23.Bd5 Rf8 24.Bd2 Rae8 25.Rf2 Kh8 26.Raf1 Nd8 27.Qd3 c6 28.Bg2 Ne6 29.e4 Nxd4 
30.Qxd4 Bc5 31.Qc4 Rd8 32.Bc3 b5 33.Qe2 Rfe8 34.Kh1 Bxf2 35.Qxf2 f6 36.Qf5 a5 
37.Bxa5 Rd3 38.Bc3 c5 39.e5 Rxc3 40.exf6 Qxf6 41.Qxf6 gxf6 42.bxc3 Re3 43.Rxf6 
Rxc3 44.h4 Rxa3 45.Kh2 c4 46.Rxh6+ Kg7 47.Rb6 Rb3 48.Bd5 Rb2+ 49.Kh3 c3 50.Be4 
b4 51.g5 b3 52.Rb7+ Kg8 53.g6 c2 54.Bxc2 bxc2 55.Rc7 Ra2 56.h5 Rb2 57.h6 Ra2 
58.Rc8# 1-0

[Event "Macieja Memorial"]
[Site "Warsaw POL"]
[Date "2024.07.08"]
[Round "8.56"]
[White "Lewandrowski, Tomasz"]
[Black "Boryna, Szymon"]
[Result "1-0"]
[WhiteElo "2000"]
[BlackElo "1791"]
[EventDate "2024.07.08"]
[PlyCount "79"]

1.d4 d5 2.Nc3 e6 3.Bf4 Nf6 4.Nb5 Bd6 5.Nxd6+ cxd6 6.e3 Nc6 7.h3 O-O 8.Be2 e5 
9.Bg5 h6 10.Bh4 Bf5 11.c3 Re8 12.Nf3 Qe7 13.O-O Qe6 14.Bb5 Ne4 15.Nd2 Nxd2 
16.Qxd2 a6 17.Ba4 b5 18.Bb3 Na5 19.dxe5 Nxb3 20.axb3 dxe5 21.Rfd1 d4 22.b4 d3 
23.f3 e4 24.g4 Bh7 25.f4 f5 26.Qg2 fxg4 27.hxg4 Qb3 28.Kh1 a5 29.bxa5 Rxa5 
30.Rg1 Rxa1 31.Rxa1 b4 32.cxb4 Qxb4 33.Be1 Qb3 34.g5 hxg5 35.fxg5 Bg6 36.Qd2 
Bh5 37.Ra7 Rf8 38.Qc3 Qxc3 39.Bxc3 Bf7 40.g6 1-0

[Event "Macieja Memorial"]
[Site "Warsaw POL"]
[Date "2024.07.08"]
[Round "9.1"]
[White "Klimkowski, Jan"]
[Black "Kosakowski, Jakub"]
[Result "1/2-1/2"]
[WhiteElo "2372"]
[BlackElo "2494"]
[EventDate "2024.07.08"]
[PlyCount "78"]

1.e4 c6 2.Nf3 d5 3.Nc3 Bg4 4.h3 Bxf3 5.Qxf3 e6 6.Be2 Bc5 7.O-O Nd7 8.Qg3 Bd4 
9.exd5 exd5 10.Bd1 Ne7 11.Ne2 Bf6 12.d4 O-O 13.c3 Re8 14.Bc2 Ng6 15.Nf4 Nxf4 
16.Bxf4 Nf8 17.Bc7 Qd7 18.Be5 Bxe5 19.dxe5 Rad8 20.Rad1 Qc7 21.f4 Qb6+ 22.Qf2 
Qxf2+ 23.Kxf2 Nd7 24.Rfe1 Re7 25.c4 dxc4 26.Re4 Rde8 27.Rxc4 g6 28.Rcd4 Nb6 
29.Bb3 Kg7 30.Rd6 Nc8 31.Rd7 Nb6 32.Rxe7 Rxe7 33.Ke3 f6 34.Ke4 Nd7 35.e6 Nc5+ 
36.Kf3 f5 37.g4 Kf6 38.g5+ Kg7 39.Bc4 b5 1/2-1/2

[Event "Macieja Memorial"]
[Site "Warsaw POL"]
[Date "2024.07.08"]
[Round "9.2"]
[White "Peng, Li Min"]
[Black "Piorun, Kacper"]
[Result "1/2-1/2"]
[WhiteElo "2425"]
[BlackElo "2528"]
[EventDate "2024.07.08"]
[PlyCount "63"]

1.e4 e6 2.d4 d5 3.exd5 exd5 4.Nf3 Bd6 5.c4 dxc4 6.Bxc4 Nf6 7.O-O O-O 8.Nc3 Nc6 
9.h3 h6 10.Qc2 Nb4 11.Qb1 Be6 12.Bxe6 fxe6 13.a3 Nbd5 14.Qc2 Qe8 15.Re1 c6 
16.Ne5 Qh5 17.Bd2 Rac8 18.Qd3 Qf5 19.Qe2 Nxc3 20.bxc3 c5 21.Nf3 Rfe8 22.a4 Nd5 
23.a5 Qf6 24.Rab1 cxd4 25.cxd4 b6 26.axb6 axb6 27.Qe4 Bb8 28.Rb5 Qf7 29.Qg4 Nf6 
30.Qh4 Nd5 31.Qg4 Nf6 32.Qh4 1/2-1/2

[Event "Macieja Memorial"]
[Site "Warsaw POL"]
[Date "2024.07.08"]
[Round "9.3"]
[White "Kazakouski, Valery"]
[Black "Bogdanov, Egor"]
[Result "1/2-1/2"]
[WhiteElo "2599"]
[BlackElo "2349"]
[EventDate "2024.07.08"]
[PlyCount "176"]

1.Nf3 Nf6 2.c4 g6 3.g3 Bg7 4.Bg2 O-O 5.O-O d6 6.d4 Nc6 7.Nc3 Bf5 8.Be3 Ne4 
9.Nxe4 Bxe4 10.d5 Bxf3 11.exf3 Ne5 12.b3 Nd7 13.Rc1 c5 14.f4 b5 15.f5 Qa5 
16.fxg6 hxg6 17.Rc2 bxc4 18.bxc4 Rab8 19.Qe2 Rfe8 20.h4 Nf6 21.Bf3 e6 22.dxe6 
Rxe6 23.Qd3 Rbe8 24.Kg2 Qa6 25.Rd1 Nd7 26.Bd5 Ne5 27.Qb3 R6e7 28.Bg5 Rc7 29.Re2 
Qc8 30.Rde1 Rf8 31.Qc2 Qf5 32.Qxf5 gxf5 33.Rb1 Kh7 34.Bd2 Bf6 35.Ba5 Re7 36.Bc3 
Kg7 37.Rbe1 Rfe8 38.Kf1 Ng6 39.Bd2 Rxe2 40.Rxe2 Rb8 41.Ba5 Rb1+ 42.Kg2 f4 43.h5 
Ne7 44.Be4 Rc1 45.Bd3 fxg3 46.h6+ Kg8 47.Bd2 Rd1 48.Bc2 Ra1 49.Bb3 gxf2 50.Rxf2 
Bd4 51.Re2 Ng6 52.a4 Rb1 53.Bc2 Rb2 54.Bd3 Kh7 55.Kf3 Rb3 56.Ke4 f5+ 57.Kxf5 
Rxd3 58.Ke6 Rf3 59.Bg5 Be5 60.Re1 Nf8+ 61.Kd5 Kg6 62.Be7 Nh7 63.Bxd6 Bxd6 
64.Kxd6 Ra3 65.Kxc5 Rxa4 66.Kb5 Ra2 67.c5 Rb2+ 68.Ka6 Rc2 69.Re5 Nf6 70.Kxa7 
Kxh6 71.Kb7 Rb2+ 72.Kc7 Kg6 73.c6 Rc2 74.Kb7 Rb2+ 75.Kc7 Kf7 76.Kc8 Ne8 77.c7 
Rc2 78.Kd8 Rd2+ 79.Kc8 Nd6+ 80.Kb8 Rb2+ 81.Ka8 Ra2+ 82.Kb8 Rb2+ 83.Ka8 Rc2 
84.Kb8 Rc3 85.Rd5 Ke6 86.Rxd6+ Kxd6 87.c8=Q Rxc8+ 88.Kxc8 Ke5 1/2-1/2

[Event "Macieja Memorial"]
[Site "Warsaw POL"]
[Date "2024.07.08"]
[Round "9.4"]
[White "Gdanski, Jacek"]
[Black "Fridman, Daniel"]
[Result "0-1"]
[WhiteElo "2315"]
[BlackElo "2474"]
[EventDate "2024.07.08"]
[PlyCount "41"]

1.e4 e6 2.d4 d5 3.Nc3 Nf6 4.Bg5 dxe4 5.Nxe4 Nbd7 6.Nf3 h6 7.Nxf6+ Nxf6 8.Be3 
Bd6 9.Bd3 O-O 10.Qd2 Ng4 11.Bf4 Re8 12.O-O b6 13.Be4 Rb8 14.Rfe1 Nf6 15.Bc6 Bd7 
16.Bxd7 Qxd7 17.Rad1 Qa4 18.Bxh6 gxh6 19.Qxh6 Nh7 20.Re4 Bf8 21.Rg4+ 0-1

[Event "Macieja Memorial"]
[Site "Warsaw POL"]
[Date "2024.07.08"]
[Round "9.5"]
[White "Pakleza, Zbigniew"]
[Black "Bartel, Michal"]
[Result "1-0"]
[WhiteElo "2405"]
[BlackElo "2250"]
[EventDate "2024.07.08"]
[PlyCount "67"]

1.d4 e6 2.Nf3 c5 3.c3 Nf6 4.Bf4 b6 5.e3 Bb7 6.Nbd2 Be7 7.h3 O-O 8.Bd3 Nc6 9.O-O 
d5 10.Ne5 Nd7 11.Nxc6 Bxc6 12.Nf3 f5 13.Qe2 Nf6 14.Bg5 Be8 15.Ne5 Rc8 16.a4 Nd7 
17.Bf4 Bf6 18.Ba6 Bxe5 19.Bxc8 Qxc8 20.Bxe5 Nxe5 21.dxe5 Qc7 22.f4 Bc6 23.Kh2 
Qd7 24.Rg1 Bxa4 25.Qa6 Bc2 26.Qxa7 Qxa7 27.Rxa7 b5 28.Rga1 Ba4 29.Re7 Rd8 
30.Rxe6 d4 31.exd4 cxd4 32.Rd6 Rxd6 33.exd6 d3 34.d7 1-0

[Event "Macieja Memorial"]
[Site "Warsaw POL"]
[Date "2024.07.08"]
[Round "9.6"]
[White "Kacprzak, Karol"]
[Black "Markowski, Tomasz"]
[Result "1/2-1/2"]
[WhiteElo "2308"]
[BlackElo "2493"]
[EventDate "2024.07.08"]
[PlyCount "99"]

1.e4 c5 2.Nf3 d6 3.d4 cxd4 4.Nxd4 Nf6 5.Nc3 a6 6.Bd3 e5 7.Nde2 Be7 8.O-O O-O 
9.Ng3 Be6 10.Nd5 Bxd5 11.exd5 g6 12.c4 Nbd7 13.Bh6 Re8 14.Rc1 Bf8 15.Bg5 h6 
16.Bd2 h5 17.Re1 Bg7 18.h3 Nc5 19.Bb1 a5 20.b3 h4 21.Nf1 Nh5 22.Be3 Nf4 23.Bc2 
Qg5 24.Qf3 Bh6 25.Nd2 Kh7 26.a3 f5 27.b4 axb4 28.axb4 Nd7 29.Ra1 e4 30.Qxf4 
Qxf4 31.Bxf4 Bxf4 32.Nb3 Be5 33.Rxa8 Rxa8 34.Na5 b6 35.Nc6 Ra2 36.Bb3 Ra3 
37.Rb1 Kg7 38.Kf1 Kf6 39.Bd1 Bc3 40.Rb3 Rxb3 41.Bxb3 Ne5 42.Nxe5 Kxe5 43.Ke2 
Bxb4 44.Ba4 Bc5 45.Bb5 g5 46.Bd7 f4 47.f3 Kd4 48.Bb5 e3 49.Ba6 Kc3 50.Bb5 1/2-1/2

[Event "Macieja Memorial"]
[Site "Warsaw POL"]
[Date "2024.07.08"]
[Round "9.7"]
[White "Seemann, Jakub"]
[Black "Mickiewicz, Piotr"]
[Result "1-0"]
[WhiteElo "2358"]
[BlackElo "2168"]
[EventDate "2024.07.08"]
[PlyCount "143"]

1.e4 e5 2.Nf3 Nc6 3.Nc3 Nf6 4.h3 g6 5.Bc4 Bg7 6.d3 O-O 7.O-O d6 8.a4 Be6 9.Qe2 
Nd4 10.Qd1 Bxc4 11.dxc4 Nd7 12.Be3 Ne6 13.b3 a5 14.Nd5 Ndc5 15.Nd2 c6 16.Nc3 f5 
17.f3 Qh4 18.Qe1 Qh5 19.Rd1 Rad8 20.Kh1 Nd4 21.Rc1 Bh6 22.Bxh6 Qxh6 23.Ne2 Nde6 
24.exf5 gxf5 25.f4 e4 26.Qg3+ Kh8 27.Qe3 Qf6 28.Rg1 Rg8 29.Nf1 h5 30.Qf2 h4 
31.Ne3 Rd7 32.g4 hxg3 33.Rxg3 Rxg3 34.Nxg3 Rh7 35.Nexf5 Rxh3+ 36.Kg2 Rh7 37.Rh1 
Rxh1 38.Kxh1 Qg6 39.Nxd6 Qh6+ 40.Kg1 Qxf4 41.Qxf4 Nxf4 42.Ngxe4 Nxe4 43.Nxe4 
Ne2+ 44.Kf2 Nd4 45.Nd6 b6 46.c5 bxc5 47.Nc4 Nxc2 48.Nxa5 Nd4 49.Ke3 Kg7 50.Kd3 
Kf7 51.Kc4 Ne6 52.Nxc6 Ke8 53.Kd5 Kd7 54.Ne5+ Ke7 55.Nd3 Nd4 56.Nxc5 Nc2 57.Kc4 
Kd8 58.b4 Kc8 59.Kb5 Nd4+ 60.Kb6 Nf5 61.b5 Ne3 62.a5 Nc4+ 63.Ka6 Kc7 64.Na4 Kb8 
65.Nb6 Nd6 66.Nd7+ Kc8 67.Nc5 Kb8 68.Nd3 Ne4 69.Ne5 Nc5+ 70.Kb6 Na4+ 71.Kc6 Nc3 
72.b6 1-0

[Event "Macieja Memorial"]
[Site "Warsaw POL"]
[Date "2024.07.08"]
[Round "9.8"]
[White "Zawadzka, Jolanta"]
[Black "Sengupta, Deep"]
[Result "0-1"]
[WhiteElo "2185"]
[BlackElo "2350"]
[EventDate "2024.07.08"]
[PlyCount "84"]

1.e4 e6 2.d4 d5 3.Nc3 Nf6 4.e5 Nfd7 5.f4 c5 6.Nf3 Nc6 7.Be3 Be7 8.Qd2 O-O 9.Be2 
b6 10.O-O Bb7 11.Nd1 cxd4 12.Nxd4 Nc5 13.Nf2 Rc8 14.c3 f6 15.exf6 Bxf6 16.Bg4 
Re8 17.Rfe1 Nxd4 18.Bxd4 Ne4 19.Nxe4 dxe4 20.Rad1 Bd5 21.Qe3 Qe7 22.b3 Rcd8 
23.Be2 Kh8 24.Bxf6 Qxf6 25.Rd4 Rf8 26.Red1 Rc8 27.g3 h6 28.Bf1 Ba8 29.Bg2 e5 
30.fxe5 Qxe5 31.Re1 Qa5 32.c4 Qxa2 33.Re2 Qa1+ 34.Re1 Qa5 35.Bxe4 Rce8 36.Re2 
Qa1+ 37.Re1 Qa5 38.Re2 Qc5 39.Kg2 Re7 40.Qd3 Rfe8 41.Re3 Rxe4 42.Rdxe4 Qf5 0-1